00887nam a2200265Ia 450000500170000000800390001702000180005608200170007410000260009124501060011725000220022326400300024530000260027533600270030133700330032833800280036149000150038965000300040465100350043465100250046965100190049470000360051370000370054904000350058620220317001537.0161108s2011 sp g 000 0 spa a978844932517504a937.06bG73v1 aGrimal, Pierred1912-13aLa vida en la Roma antiguacPierre Grimal ; traducción de Sandra Schiumerini y Fernando Schiumerini aPrimera edición 1aBarcelonabPaidósc2011 a133 páginasc25 cm. atextobtxt2rdacontent asin mediaciónbn2rdamedia avolumenbnc2rdacarrier aOrígenes142LEMBaEmperadores romanos 4aRomaxVida social y costumbres 4aRomaxCivilización 4aRomaxHistoria1 aSchiumerini, Sandraetraductora1 aSchiumerini, Fernandoetraductor aCO-BoRNBPbspaerdacCO-BoRNBP